Boxbergs Ortsteile - Statistics

General Stats
  • This quiz has been taken 7 times
  • The average score is 5 of 13
Answers on the Grid
Answers color-coded by a green-red scale on the quiz's grid according to % correct below.
Schwabhausen
Kupprichhausen/Kuba
Lengenrieden
Berolzheim
Boxberg
Wölchingen
Schweigern
Unterschüpf
Epplingen
Üffingen
Oberschüpf
Winddischbuch
Angeltürn
Schillingstadt
Bobstadt
Assamstadt
Sachsenflur
Heckfeld
Eubigheim
Ahorn
 
Answer Stats
Answer % Correct
Lengenrieden
100%
Schwabhausen
100%
Epplingen
50%
Kupprichhausen/Kuba
50%
Oberschüpf
50%
Unterschüpf
50%
Wölchingen
50%
Angeltürn
0%
Bobstadt
0%
Boxberg
0%
Schweigern
0%
Üffingen
0%
Winddischbuch
0%
No matching quizzes found
Score Distribution
Percent of People with Each Score
Percentile by Number Answered
Your Score History
You have not taken this quiz